| 000 | 01036nam a2200229 i 4500 | ||
|---|---|---|---|
| 001 | 161349 | ||
| 003 | ES-MaACL | ||
| 005 | 20250806070430.0 | ||
| 008 | 020924s1878 sp |||| | spa d | ||
| 040 |
_aCCPB | B _bspa _cCCPB | B |
||
| 100 | 1 |
_aPaquet, A. _9130818 |
|
| 245 | 1 | 0 |
_aLecciones sobre la cirujía [sic] clínica de las enfermedades de las vias urinarias _b: dadas en el Hospital de San Salvador / por A. Paquet. |
| 260 |
_aMadrid : _b[s.n.], _c1878 ( _fimprenta de Enrique Teodoro) |
||
| 300 |
_a123, II p. ; _c23 cm. |
||
| 490 | 1 | _aBiblioteca Económica de Medicina y Cirujía | |
| 530 | _aDisponible también en sitio web. | ||
| 650 | 4 |
_aAparato urinario- _xCirugía. _9152571 |
|
| 830 | 0 |
_aBiblioteca económica de medicina y cirujía _9186248 |
|
| 852 |
_aES-MaACL _jB-12698(5) _z-- Enc. pasta española _z-- Enc. en un vol. facticio |
||
| 856 |
_uhttp://bibliotecadigitalhispanica.bne.es:80/webclient/DeliveryManager?pid=1834824&custom_att_2=simple_viewer _zIr a la página |
||
| 999 |
_c161349 _d161349 |
||